Personnalités nées à Marseille - Statistiques

Statistiques générales
  • Ce quiz a été pris 359 fois
  • Le résultat moyen est 8 sur 15
Statistiques - réponses
Année de naissance Profession / Fonction Personnage % Correct
1972 Footballeur / Deux buts de la tête en finale de la Coupe du monde 1998 Zinédine Zidane
90%
1947 Animateur de télévision / Qui veut gagner des millions ? Jean-Pierre Foucault
77%
1966 Footballeur / Le "King" de Manchester Eric Cantona
72%
1903 Acteur et humoriste / Don Camillo Fernandel
65%
1979 Rappeur / Psy 4 de la rime / Halla Halla Soprano
63%
1939 Politique / Maire de Marseille depuis 1995 Jean-Claude Gaudin
61%
1981 Ancienne actrice de films X / Chanteuse : J'aime Clara Morgane
60%
1969 Chanteur / Notre-Dame de Paris / 4 mots sur un piano Patrick Fiori
52%
1962 Humoriste / Acteur / Chauve Patrick Bosso
46%
1948 Avocat et politique / Député FN du Gard Gilbert Collard
43%
1965 Journaliste / Producteur / Crimes sur NRJ 12 Jean-Marc Morandini
38%
1797 Politique / Président de la République (1871-1873) Adolphe Thiers
35%
1936 Journaliste sportif / On refait le match sur RTL Eugène Saccomano
26%
1959 Politique / Président du conseil régional de Provence-Alpes-Côte d'Azur depuis 2017 Renaud Muselier
24%
1942 Journaliste / Editorialiste sur BFM,100 minutes pour convaincre sur France 2 de 2002 à 2005 Olivier Mazerolle
7%
Aucun quiz correspondant
Distribution des résultats
% des personnes avec chaque résultat
Percentile par nombre de réponses
Votre historique - résultats
Vous n’avez pas pris ce quiz